Score 0/22 Timer 03:00
9 Plays Today
Letter Underground Stations % Correct
BBaker Street, Balham, Bank,...
88.3%
EEaling Broadway, Ealing Common, Earl's Court,...
86.3%
CCaledonian Road, Camden Town, Canada Water,...
85.2%
WWalthamstow Central, Wanstead, Warren Street,...
84.3%
KKennington, Kensal Green, Kensington (Olympia),...
83.4%
AActon Town, Aldgate, Algate East,...
79.9%
HHainault, Hammersmith, Hampstead,...
79.5%
LLadbroke Grove, Lambeth North, Lancaster Gate,...
74.8%
PPaddington, Park Royal, Parsons Green,...
73%
MMaida Vale, Manor House, Mansion House,...
72.1%
VVauxhall, Victoria
70.9%
Letter Underground Stations % Correct
SSeven Sisters, Shepherd's Bush, Sloane Square,...
70.2%
GGants Hill, Gloucester Road, Golders Green,...
67.9%
OOakwood, Old Street, Osterley, Oval, Oxford Circus
66.5%
QQueen's Park, Queensbury, Queensway
63.9%
TTemple, Theydon Bois, Tooting Bec,...
63.8%
FFairlop, Farringdon, Finchley Central,...
62.8%
RRavenscourt Park, Rayners Lane, Redbridge,...
55.1%
UUpminster, Upminster Bridge, Upney, Upton Park,...
55.1%
NNeasden, Newbury Park, North Acton,...
48.2%
DDagenham East, Dagenham Heathway, Debden,...
29%
IIckenham
20.9%

You're not logged in!

Compare scores with friends on all Sporcle quizzes.
OR
Log In

Sporcle TV

Today on Sporcle TV


Watch our educational content, quiz creation guides, and fun videos on Sporcle TV.

Show Comments

Extras

Top Quizzes Today


Score Distribution

Your Account Isn't Verified!

In order to create a playlist on Sporcle, you need to verify the email address you used during registration. Go to your Sporcle Settings to finish the process.

Report this User

Report this user for behavior that violates our Community Guidelines.

Details: